The life and times of William Shakespeare / (Record no. 499)

000 -LEADER
fixed length control field 02458cam a22005537a 4500
001 - CONTROL NUMBER
control field 5696556
003 - CONTROL NUMBER IDENTIFIER
control field LIBRIS
005 - DATE AND TIME OF LATEST TRANSACTION
control field 20210420064631.0
008 - FIXED-LENGTH DATA ELEMENTS--GENERAL INFORMATION
fixed length control field 011211s1989 xxu||||||b||||001 0beng|c
020 ## - INTERNATIONAL STANDARD BOOK NUMBER
International Standard Book Number 0805011994
Terms of availability CIP rev.
040 ## - CATALOGING SOURCE
Original cataloging agency L
Description conventions a
Transcribing agency DLC
041 ## - LANGUAGE CODE
Language code of text/sound track or separate title eng
080 ## - UNIVERSAL DECIMAL CLASSIFICATION NUMBER
Universal Decimal Classification number 821.111
Item number L-62
082 #4 - DEWEY DECIMAL CLASSIFICATION NUMBER
Classification number 822.3
Item number 3
Edition number 20
082 #4 - DEWEY DECIMAL CLASSIFICATION NUMBER
Classification number 822.3
Item number 3
Edition number 20
084 ## - OTHER CLASSIFICATION NUMBER
Classification number G
Number source kssb
084 ## - OTHER CLASSIFICATION NUMBER
Classification number G
Number source kssb
100 1# - MAIN ENTRY--PERSONAL NAME
Personal name Levi, Peter,
Dates associated with a name 1931-2000
245 04 - TITLE STATEMENT
Title The life and times of William Shakespeare /
Statement of responsibility, etc. Peter Levi.
250 ## - EDITION STATEMENT
Edition statement 1. American ed
264 #1 - PRODUCTION, PUBLICATION, DISTRIBUTION, MANUFACTURE, AND COPYRIGHT NOTICE
Place of production, publication, distribution, manufacture New York :
Name of producer, publisher, distributor, manufacturer H. Holt,
Date of production, publication, distribution, manufacture, or copyright notice 1989
300 ## - PHYSICAL DESCRIPTION
Extent xxiii, 392 p.
Other physical details ill., maps
Dimensions 24 cm.
340 ## - PHYSICAL MEDIUM
Dimensions 24 cm.
500 ## - GENERAL NOTE
General note Maps on lining paper
504 ## - BIBLIOGRAPHY, ETC. NOTE
Bibliography, etc. note Bibliography: p. 385-387.
504 ## - BIBLIOGRAPHY, ETC. NOTE
Bibliography, etc. note Includes index
600 10 - SUBJECT ADDED ENTRY--PERSONAL NAME
Personal name Dramatists, English--
Chronological subdivision Early modern, 1500-1700
General subdivision Biography
600 14 - SUBJECT ADDED ENTRY--PERSONAL NAME
Personal name Shakespeare, William,
Dates associated with a name 1564-1616
Authority record control number or standard number https://libris.kb.se/vs689q5d2cm6xlc#it
600 14 - SUBJECT ADDED ENTRY--PERSONAL NAME
Personal name Shakespeare, William
650 #0 - SUBJECT ADDED ENTRY--TOPICAL TERM
9 (RLIN) 254
Topical term or geographic name entry element English literature
653 ## - INDEX TERM--UNCONTROLLED
Uncontrolled term ინგლისური ლიტერატურა
887 ## - NON-MARC INFORMATION FIELD
Content of non-MARC field {"@id":"vc5zv5p62rf7hdb","modified":"2018-10-30T23:00:00+01:00","checksum":"101360217465"}
Source of data librisxl
887 ## - NON-MARC INFORMATION FIELD
Content of non-MARC field {"@id":"qv1nn47w4t2km62","modified":"2018-06-05T18:13:52.646+02:00","checksum":"55279568770"}
Source of data librisxl
900 1s - EQUIVALENCE OR CROSS-REFERENCE-PERSONAL NAME [LOCAL, CANADA]
Linkage 600
Dates associated with a name 1564-1616
Affiliation Shakespeare, William,
Dates associated with a name 1564-1616
900 1s - EQUIVALENCE OR CROSS-REFERENCE-PERSONAL NAME [LOCAL, CANADA]
Linkage 600
Dates associated with a name 1564-1616
Affiliation Shakespeare, William,
Dates associated with a name 1564-1616
900 1s - EQUIVALENCE OR CROSS-REFERENCE-PERSONAL NAME [LOCAL, CANADA]
Linkage 600
Dates associated with a name 1564-1616
Affiliation Shakespeare, William,
Dates associated with a name 1564-1616
900 1s - EQUIVALENCE OR CROSS-REFERENCE-PERSONAL NAME [LOCAL, CANADA]
Linkage 600
Dates associated with a name 1564-1616
Affiliation Shakespeare, William,
Dates associated with a name 1564-1616
900 1s - EQUIVALENCE OR CROSS-REFERENCE-PERSONAL NAME [LOCAL, CANADA]
Linkage 600
Dates associated with a name 1564-1616
Affiliation Shakespeare, William,
Dates associated with a name 1564-1616
900 1s - EQUIVALENCE OR CROSS-REFERENCE-PERSONAL NAME [LOCAL, CANADA]
Linkage 600
Dates associated with a name 1564-1616
Affiliation Shakespeare, William,
Dates associated with a name 1564-1616
900 1s - EQUIVALENCE OR CROSS-REFERENCE-PERSONAL NAME [LOCAL, CANADA]
Linkage 600
Dates associated with a name 1564-1616
Affiliation Shakespeare, William,
Dates associated with a name 1564-1616
900 1s - EQUIVALENCE OR CROSS-REFERENCE-PERSONAL NAME [LOCAL, CANADA]
Linkage 600
Dates associated with a name 1564-1616
Affiliation Shakespeare, William,
Dates associated with a name 1564-1616
900 1s - EQUIVALENCE OR CROSS-REFERENCE-PERSONAL NAME [LOCAL, CANADA]
Linkage 600
Dates associated with a name 1564-1616
Affiliation Shakespeare, William,
Dates associated with a name 1564-1616
900 1s - EQUIVALENCE OR CROSS-REFERENCE-PERSONAL NAME [LOCAL, CANADA]
Linkage 600
Dates associated with a name 1564-1616
Affiliation Shakespeare, William,
Dates associated with a name 1564-1616
900 1s - EQUIVALENCE OR CROSS-REFERENCE-PERSONAL NAME [LOCAL, CANADA]
Linkage 600
Dates associated with a name 1564-1616
Affiliation Shakespeare, William,
Dates associated with a name 1564-1616
900 1s - EQUIVALENCE OR CROSS-REFERENCE-PERSONAL NAME [LOCAL, CANADA]
Linkage 600
Dates associated with a name 1564-1616
Affiliation Shakespeare, William,
Dates associated with a name 1564-1616
942 ## - ADDED ENTRY ELEMENTS (KOHA)
Source of classification or shelving scheme
Koha item type Books
Holdings
Withdrawn status Lost status Source of classification or shelving scheme Damaged status Not for loan Permanent location Current location Date acquired Inventory number Total Checkouts Full call number Barcode Date last seen Price effective from Koha item type
          Ken Walker International University Ken Walker International University 11/27/2020 193   821.111 L-62 193 11/27/2020 11/27/2020 Books

Powered by Koha